[Event "VIE Cup"]
[Site "Hanoi"]
[Date "2021.??.??"]
[Round "1"]
[White "Nguyen, Pham Minh Tri"]
[Black "Chu, Quoc Thinh"]
[Result "1/2-1/2"]
[WhiteElo "2414"]
[BlackElo "1855"]
[PlyCount "85"]
[EventDate "2021.05.03"]
[EventType "swiss"]
[EventRounds "9"]
[EventCountry "VIE"]
[SourceTitle "EXT 2022"]
[Source "ChessBase"]
[SourceDate "2021.10.06"]
[SourceVersion "1"]
[SourceVersionDate "2021.10.06"]
[SourceQuality "1"]

1. d4 Nf6 2. c4 e6 3. Nf3 Bb4+ 4. Bd2 a5 5. Qa4 Qe7 6. a3 Bxd2+ 7. Nbxd2 c5 8. e3 Nc6 9. Be2 0-0 10. 0-0 d5 11. cxd5 exd5 12. dxc5 Qxc5 13. Rac1 Qb6 14. b4 Bd7 15. b5 Na7 16. Nd4 Qd6 17. Qxa5 h5 18. Qb4 Nc8 19. Ra1 g6 20. h3 Kg7 21. N2b3 Qe5 22. Nc5 Nd6 23. a4 Rfc8 24. Rfc1 Bf5 25. a5 Be4 26. a6 b6 27. Na4 Nd7 28. Rc6 Nc4 29. Rc1 Qg5 30. Bf1 Rxc6 31. Nxc6 Nf6 32. Rxc4 dxc4 33. Nxb6 Bxc6 34. bxc6 Ra7 35. Qxc4 Qe5 36. Na4 Ne4 37. Qd4 Qxd4 38. exd4 Kf6 39. Bd3 Nd6 40. Nc5 Rc7 41. Nb7 Nc8 42. Be4 Ke7 43. g4 1/2-1/2

[Event "VIE Cup"]
[Site "Hanoi"]
[Date "2021.??.??"]
[Round "5"]
[White "Nguyen, Pham Minh Tri"]
[Black "Nguyen, Huu Hoang Anh"]
[Result "0-1"]
[WhiteElo "2414"]
[BlackElo "1945"]
[PlyCount "62"]
[EventDate "2021.05.03"]
[EventType "swiss"]
[EventRounds "9"]
[EventCountry "VIE"]
[SourceTitle "EXT 2022"]
[Source "ChessBase"]
[SourceDate "2021.10.06"]
[SourceVersion "1"]
[SourceVersionDate "2021.10.06"]
[SourceQuality "1"]

1. d4 Nf6 2. c4 g6 3. Nc3 Bg7 4. e4 d6 5. Nf3 0-0 6. Be2 Nc6 7. 0-0 e5 8. d5 Ne7 9. b4 Nh5 10. c5 Nf4 11. Bc4 h6 12. Re1 g5 13. Bxf4 exf4 14. e5 Ng6 15. e6 Bxc3 16. Nd4 Bxa1 17. Qxa1 Qf6 18. Qd1 a6 19. a4 Re8 20. cxd6 cxd6 21. b5 Ne5 22. Bb3 Kh8 23. h4 g4 24. Re4 fxe6 25. Qd2 Rf8 26. dxe6 axb5 27. Nxb5 Bxe6 28. Bd1 d5 29. Rb4 g3 30. fxg3 fxg3 31. Qe2 Bg4 0-1